Κατάλογος Βιβλιοθηκών Mediterranean College

Arts and the Public (Record no. 1848)

MARC details
000 -LEADER
fixed length control field 01176cam a22002174a 4500
005 - ΗΜΕΡΟΜΗΝΙΑ ΚΑΙ ΩΡΑ ΤΕΛΕΥΤΑΙΑΣ ΕΝΗΜΕΡΩΣΗΣ
Πεδίο ελέγχου 20250605164021.0
008 - FIXED-LENGTH DATA ELEMENTS--GENERAL INFORMATION
Πεδίο ελέγχου σταθερού μήκους 250528s ||||||||||||||||||||||||d
035 ## - SYSTEM CONTROL NUMBER
System control number 16336
020 ## - ISBN
ISBN 6726094
040 ## - ΠΗΓΗ ΚΑΤΑΛΟΓΟΓΡΑΦΗΣΗΣ
Φορέας πρωτότυπης καταλογογράφησης MC Athens Campus Library
Γλώσσα καταλογογράφησης Ελληνικά, Μοντέρνα (1453-)
Modifying agency MC Athens Campus Library
Κανόνες περιγραφικής καταλογογράφησης AACR2
245 1# - ΤΙΤΛΟΣ ΚΑΙ ΔΗΛΩΣΗ ΥΠΕΥΘΥΝΟΤΗΤΑΣ
Τίτλος Arts and the Public
260 ## - PUBLICATION, DISTRIBUTION, ETC.
Name of publisher, distributor, etc. The University Of Chicago Press,
Date of publication, distribution, etc. 1967
300 ## - PHYSICAL DESCRIPTION
Extent 268
505 0# - FORMATTED CONTENTS NOTE
Formatted contents note Introduction, Skepticism and the Depth of Life, How Things Are, Culture and Humanity, Season of Counterfeit, On, The Unprincipled and Inconsequential Critic, Where the People Are, The Double Standard, Art Critisism Confidential, The Vanishing Spectator, Conversations on the Arts, The Visual Arts, Drama, Fiction, Art and Education.
520 ## - SUMMARY, ETC.
Summary, etc. Introduction, Skepticism and the Depth of Life, How Things Are, Culture and Humanity, Season of Counterfeit, On, The Unprincipled and Inconsequential Critic, Where the People Are, The Double Standard, Art Critisism Confidential, The Vanishing Spectator, Conversations on the Arts, The Visual Arts, Drama, Fiction, Art and Education.
700 1# - ΠΡΟΣΘΕΤΗ ΑΝΑΓΡΑΦΗ--ΦΥΣΙΚΟ ΠΡΟΣΩΠΟ
Personal name Herring Paul D
9 (RLIN) 2420
700 1# - ΠΡΟΣΘΕΤΗ ΑΝΑΓΡΑΦΗ--ΦΥΣΙΚΟ ΠΡΟΣΩΠΟ
Personal name Miller James E
9 (RLIN) 2421
942 ## - ADDED ENTRY ELEMENTS (KOHA)
Koha item type Books
Holdings
Τύπος τεκμηρίου Βιβλιοθήκη Τρέχουσα τοποθεσία Barcode Αριθμός εισαγωγής Ημερομηνία απόκτησης Ταξιθετικό σύμβολο Αριθμός αντιτύπου Κατάσταση απόσυρσης Κατάσταση χαμένου Κατάσταση κατεστραμμένου Μη δανεισμός Σύνολο δανεισμών Ημερομηνία τελευταίας εμφάνισης Η τιμή ισχύει από
Books MC Athens Campus Library MC Athens Campus Library 9780000018472 3426 05/06/2025 701.1 MIL 1           05/06/2025 05/06/2025

MC Athens Campus Library
Πατησίων 94 & Κοδριγκτώνος 13, 104 34
Πελλήνης 8 & Πατησίων 107, 112 51
Τ: +30 210 8899600

MC Thessaloniki Campus Library
Ίωνος Δραγούμη 21, 54625 | Ίωνος Δραγούμη 15, 54625
Τ: +30 2310 287779 – Τ: +30 2314 440300